|
|
|
|
| LEADER |
00000nab a2200000 a 4500 |
| 001 |
vtls000871745 |
| 003 |
SK-MaSNL |
| 005 |
20260302162130.0 |
| 008 |
180206c2004 xo 0 slo |
| 015 |
|
|
|a SNBRB2004/05-14054
|
| 035 |
|
|
|a CLN000223297
|
| 040 |
|
|
|a SNKBUCL
|b slo
|c SNKBUCL
|e AACR2
|
| 041 |
0 |
|
|a slo
|
| 044 |
|
|
|a xo
|c SK
|
| 080 |
|
|
|a 664.1
|2 UDC-MRF-SK2
|
| 080 |
|
|
|a 339.166.8(437.6): 664.1
|2 UDC-MRF-SK2
|
| 080 |
|
|
|a 338.45(437.6):664.1:339.923(4)
|2 UDC-MRF-SK2
|
| 080 |
|
|
|a 338.5:664.1
|2 UDC-MRF-SK2
|
| 100 |
1 |
|
|a Kontúr, Martin
|4 aut
|9 861271
|
| 245 |
1 |
0 |
|a Stúpnu ceny cukru
|c Martin Kontúr
|
| 300 |
|
|
|b Grafy
|
| 650 |
0 |
7 |
|a priemysel cukrovarnícky
|z Slovensko
|x integrácia európska
|x vplyvy
|2 snkbucl
|9 861272
|
| 650 |
0 |
7 |
|a cukor
|x ceny
|x výroba
|x obchodovanie
|x kvóty
|2 snkbucl
|9 861273
|
| 655 |
|
7 |
|a články z novín a časopisov
|2 snkbucl
|9 267496
|
| 773 |
0 |
|
|x 1335-2008
|t Obchod
|g Roč. 9, (apríl 2004), s. 40
|
| 850 |
|
|
|a Slovenská národná knižnica v Martine
|
| 852 |
|
|
|a SNK
|b KIS3GCP
|
| 958 |
|
|
|a RBX
|
| 999 |
|
|
|c 1379228
|d 1381158
|